Every Emoji from the "activities" section (according to discord) - Statistics

General Stats
  • This quiz has been taken 12 times
  • The average score is 34 of 120
Answer Stats
Answer % Correct
football
86%
ping pong/table tennis
86%
tennis
86%
baseball
71%
basketball
71%
bow and arrow/archery
71%
fencer/fencing
71%
handball
71%
headphone
71%
hockey/ice hockey
71%
microphone
71%
soccer
71%
swimmer
71%
video game
71%
volleyball
71%
ballet shoes
57%
basketball player
57%
boomerang
57%
bowling
57%
boxing glove
57%
circus tent
57%
climber
57%
drum
57%
flute
57%
golf
57%
golfer
57%
guitar
57%
ice skate
57%
jigsaw/puzzle piece
57%
juggling/juggler
57%
kite
57%
lacrosse
57%
maracas
57%
medal/sports medal
57%
parachute
57%
roller skate
57%
saxophone
57%
skateboard
57%
ski
57%
sled
57%
slot machine/jackpot
57%
snowboarder
57%
softball
57%
surfer
57%
ticket
57%
trophy
57%
trumpet
57%
violin
57%
water polo
57%
weight lifter
57%
yo yo
57%
skier
43%
wrestlers/wrestling
43%
goal
29%
karate uniform
29%
playground slide
29%
8ball
14%
art
14%
banjo
14%
field hockey
14%
flying disc
14%
accordion
0%
badmington
0%
bicyclist
0%
cartwheel
0%
chess pawn
0%
clapper/clapper board
0%
cricket game
0%
curling stone
0%
dart/direct hit
0%
diving mask
0%
first place
0%
fishing pole
0%
game die
0%
horse racing
0%
long drum
0%
man biking
0%
man bouncing ball
0%
man cartwheeling
0%
man climbing
0%
man golfing
0%
man in lotus position
0%
man juggling
0%
man lifting weights
0%
man mountain biking
0%
man playing handball
0%
man playing water polo
0%
man rowing boat
0%
man surfing
0%
man swimming
0%
men wrestling
0%
military metal
0%
mountain bicyclist
0%
musical keyboard
0%
musical score
0%
performing arts
0%
person in lotus position
0%
reminder ribbon
0%
rosette
0%
rowboat
0%
rugby football
0%
running shirt
0%
second place
0%
third place
0%
tickets/admission tickets
0%
woman biking
0%
woman bouncing ball
0%
woman cartwheeling
0%
woman climbing
0%
woman golfing
0%
woman in lotus position
0%
woman juggling
0%
woman lifting weights
0%
woman mountain biking
0%
woman playing handball
0%
woman playing water polo
0%
woman rowing boat
0%
woman surfing
0%
woman swimming
0%
women wrestling
0%
No matching quizzes found
Score Distribution
Percent of People with Each Score
Percentile by Number Answered
Your Score History
You have not taken this quiz